000 01583cam a2200397 a 4500
999 _c6854
_d6854
001 628611
003 GBCCL
005 20241126110613.0
008 881229s1989 enk 000 0 eng
010 _a 88033044
015 _aGB8914624
_2bnb
015 _aGB97Y0615
_2bnb
020 _a0521507235
_q(CAMBRIDGE UNIVERSITY PRESS)
020 _a0191012106
035 _a(OCoLC)ocm18989527
035 _a(OCoLC)18989527
_z(OCoLC)18949955
_z(OCoLC)40886670
_z(OCoLC)59162213
_z(OCoLC)59586733
_z(OCoLC)732904664
_z(OCoLC)810781810
040 _aDLC
_beng
_cDLC
_dZBS
_dBAKER
_dUKV3G
_dUKM
_dBTCTA
_dYDXCP
_dAU@
_dNLE
_dOCLCO
_dOCLCQ
_dOCLCA
_dOCLCQ
_dBACNE
_dOCLCQ
041 1 _aeng
_hheb
_harc
_hgrc
049 _aLBBK
050 0 0 _aBS192.16 1989
_b.N48 1989
082 0 0 _a220.52062
_bBIB
130 0 _aBible.
_lEnglish.
_sRevised English.
_f1989.
_912273
245 1 4 _aThe Revised English Bible
260 _a[Oxford, England] :
_bOxford University Press ;
_a[New York] :
_bCambridge University Press,
_c1989.
300 _axvii, 828, iv, 236 p.;
_c22 cm
336 _atext
_btxt
_2rdacontent
337 _aunmediated
_bn
_2rdamedia
338 _avolume
_bnc
_2rdacarrier
500 _a"A revision of the New English Bible"--Title page verso.
520 _aA comprehensible translation of the Bible representing all major denominations.
650 _aBible
_xEnglish
_912272
710 2 _aOxford University Press.
_912274
710 2 _aCambridge University Press.
_912275
856 4 2 _3Publisher description
_uhttp://catdir.loc.gov/catdir/enhancements/fy0640/88033044-d.html
942 _2ddc
_cBK